000 00403 a2200157 4500
999 _c3836
_d3836
003 OSt
005 20170105101226.0
008 160502b xxu||||| |||| 00| 0 eng d
020 _a9788120339804
040 _c0
100 _aR.K. Sapru
245 _aPublic Policy
_bArt and Craft of Policy Analysis34
_cR.K. Sapru
260 _aNew Delhi
_c2010
_bPHI
300 _a344p
942 _cBK
_k361.61 SAP
_2ddc